000
00285nam a22001337a 4500
008
170526b xxu||||| |||| 00| 0 eng d
020
_a
9780071497077
041
_a
eng
080
_a
621.3/.9
100
_a
25
101
_a
IM
245
_a
BOATWORKS
_c
ALL MAGAZINE
942
_2
udc
_c
BK
999
_c
14325
_d
14325